Nature of business : redesigning for resilience /

Bibliographic Details
Main Author: Hutchins, Giles.
Format: eBook
Language:English
Published: Totnes, Devon : Green Books, 2012.
Subjects:
Online Access:Click to View
LEADER 01552nam a2200409 i 4500
001 EBC1341018
003 MiAaPQ
005 20200520144314.0
006 m o d |
007 cr cnu||||||||
008 130919s2012 enka ob 001 0 eng d
020 |z 9780857840486 
020 |a 9780857840509  |q (electronic bk.) 
035 |a (MiAaPQ)EBC1341018 
035 |a (Au-PeEL)EBL1341018 
035 |a (CaPaEBR)ebr10753930 
035 |a (CaONFJC)MIL582744 
035 |a (OCoLC)856869150 
040 |a MiAaPQ  |b eng  |e rda  |e pn  |c MiAaPQ  |d MiAaPQ 
050 4 |a HD58.8  |b .H88 2012 
082 0 |a 658.406  |2 22 
100 1 |a Hutchins, Giles. 
245 1 0 |a Nature of business :  |b redesigning for resilience /  |c Giles Hutchins. 
264 1 |a Totnes, Devon :  |b Green Books,  |c 2012. 
300 |a 1 online resource (209 pages) :  |b illustrations 
336 |a text  |2 rdacontent 
337 |a computer  |2 rdamedia 
338 |a online resource  |2 rdacarrier 
504 |a Includes bibliographical references and index. 
588 |a Description based on online resource; title from PDF tilte page (ebrary, viewed September 19, 2013). 
590 |a Electronic reproduction. Ann Arbor, MI : ProQuest, 2015. Available via World Wide Web. Access may be limited to ProQuest affiliated libraries. 
650 0 |a Organizational effectiveness. 
650 0 |a Crisis management. 
650 0 |a Success in business. 
655 4 |a Electronic books. 
797 2 |a ProQuest (Firm) 
856 4 0 |u https://ebookcentral.proquest.com/lib/matrademy/detail.action?docID=1341018  |z Click to View